O Século XXI (Record no. 45632)

MARC details
000 -Etiqueta do registo
Valores 00791nam a2200241 4500
010 ## - Número ISBN
ISBN 9789895763177
021 ## - Número do Depósito Legal
Número 553961/25
100 ## - Dados gerais de processamento
Dados gerais 20260205d2025 k y0pory50030103ba
101 0# - Língua de publicação
Língua por
102 ## - País de publicação
País PT
200 1# - Titulo e menção de responsabilidade
Título próprio O Século XXI
Primeira menção de responsabilidade António Manzoni, José Félix Ribeiro
Outras menções de responsabilidade pref. Luís Valente de Oliveira
Informação de outro título Portugal e as suas circunstâncias
Título paralelo Três séculos de Economia portuguesa
205 ## - Menção da edição
Edição 1.ª ed.
210 #9 - Publicação
Local de publicação Lisboa
Nome do editor Guerra & Paz,
Data de publicação 2025
215 ## - Descrição física 
Paginação / Volumes 181 p.
Outras indicações físicas il.
Dimensões 23 cm
675 ## - CDU
Notação 338.1/.2(469)"2001/2024"
Edição BN
Língua por
675 ## - CDU
Notação 339.97(469)"2001/2024"
Edição BN
Língua por
700 #1 - Autor principal
Apelido Manzoni,
Nome António,
Datas 1961-
701 #1 - Autor co-responsavel
Apelido Ribeiro,
Nome José Félix,
Datas 1948-
Função 070
702 #1 - Autor secundário
Apelido Oliveira,
Nome Valente de,
Datas 1937-
Função 080
801 #0 - Fonte de origem
País PT
Agência BN
Regras de catalogação RPC
990 ## - Elementos KOHA
Tipo de documento Livro
Holdings
Aquisição Empréstimo Código de barras Cota Permissão de empréstimo Tipo de documento Nota relativa ao exemplar
Biblioteca Municipal de Redondo Biblioteca Municipal de Redondo 056357 338.17.2(469) MAN   Livro Portugal e as suas circunstâncias, ensaio da série Três séculos de Economia portuguesa. Oferta da Fundação Manuel António Mota

Powered by Koha